Movies Quiz

Random Movies or Automobiles Quiz

Movie and TV cars Quiz Stats

 Plays Quiz not verified by Sporcle

Challenge
Share
Tweet
Score 0/20 Timer 05:00
0 Plays Today
Number Movie/TV show % Correct
4Cars
91.7%
3Back to the Future
88.9%
1Batman
88.2%
5The Dukes of Hazzard
79.7%
9Knight Rider
78.7%
2Austin Powers
74.4%
17Speedracer
68.7%
19The Italian Job
65.2%
14Starsky and Hutch
61.3%
8The A-Team
59.6%
Number Movie/TV show % Correct
18Little Miss Sunshine
53.3%
7Grease
52.5%
6Ferris Bueller's Day Off
51.3%
11The Blues Brothers
45.3%
10Despicable Me
33.2%
15Kill Bill
27.8%
20Harry Potter and the Chamber of Secrets
19.3%
16Rat Race
12.1%
12Groundhog Day
11.6%
13The Muppet Movie
6%

You're not logged in!

Compare scores with friends on all Sporcle quizzes.
Join for Free
OR
Log In

You Might Also Like...

Show Comments

Extras

Created Sep 9, 2011ReportNominate
Tags:Automobiles Quiz, Show Quiz, car

Top Quizzes Today


Score Distribution

Your Account Isn't Verified!

In order to create a playlist on Sporcle, you need to verify the email address you used during registration. Go to your Sporcle Settings to finish the process.

Report this User

Report this user for behavior that violates our Community Guidelines.

Details: